000 00256 a2200109 4500
020 _a9781728491820
041 _aspa
100 _aHill, Christina
245 _aLa verdadera cicencia de la supervelocidad y la super fuerza
942 _cBK
999 _c29936
_d29934
999 _d29934